Calciatori e Anno di nascita - Quiz n°24 - Statistics

Statistiche generali
  • Questo quiz è stato fatto 12 volte
  • Il punteggio medio è 4 su 10
Statistiche sulle risposte
Hint Risposta % Corretto
Luka Modrić 1985
64%
Andrej Aršavin 1981
55%
Andrea Raggi 1984
55%
Marc Albrighton 1989
55%
Adam Masina 1994
55%
Michael Essien 1982
36%
Sulley Muntari 1984
36%
Valon Behrami 1985
36%
Giovani Lo Celso 1996
36%
Kasper Schmeichel 1986
18%
Nessun quiz corrispondente trovato
Distribuzione punteggi
Percentuale di utenti per punteggio
Percentile per numero di risposta
I tuoi punteggi nel tempo
Non hai fatto questo quiz